Antología del disparate : contestaciones disparatadas en exámenes y reválidas /

Na minha lista:
Detalhes bibliográficos
Autor principal: Díez Jiménez, Luis (autor)
Outros Autores: López Ibor, Juan J. (prólogo) (prólogo), Serrano de Pablo, Luis (comentarios) (comentarios), Ximénez de Sandoval, Felipe (comentarios) (comentarios)
Formato: Livro
Idioma:espanhol
Publicado em: Madrid, España : Studium, 1970, c1970
Edição:5a edición
Assuntos:
Tags: Adicionar Tag
Sem tags, seja o primeiro a adicionar uma tag!

MARC

LEADER 00000nam^a2200000^a^4500
001 000186882
005 20250521000000.0
009 20260310102240.455
037 |a Acervo ITESO - Biblioteca 
041 |a ESP 
082 |a 867.  |b DIE 
100 |a Díez Jiménez, Luis  |e (autor) 
245 1 0 |a Antología del disparate :  |b contestaciones disparatadas en exámenes y reválidas /  |c L. Díez Jiménez ; pról. de J.J. López Ibor ; comentarios de L. Serrano de Pablo, F. Ximénez de Sandoval. 
250 |a 5a edición  |b corregida y aumentada 
264 4 |a Madrid, España :  |b Studium,  |c 1970, c1970 
300 |a 165 p. 
336 |a texto  |b txt  |2 rdacontenido 
337 |a sin mediación  |b n  |2 rdamedio 
338 |a volumen  |b nc  |2 rdasoporte 
649 |a XX 
650 |a Anécdotas 
650 |a Humor -  |z España 
650 |a Evaluación Educativa -  |x Anécdotas y Chistes 
650 |a Calidad de la Educación -  |x Anécdotas y Chistes 
650 |a Educación -  |x Anécdotas y Chistes 
650 |a Literatura Española -  |y Siglo XX 
700 |a López Ibor, Juan J.  |e (prólogo) 
700 |a Serrano de Pablo, Luis  |e (comentarios) 
700 |a Ximénez de Sandoval, Felipe  |e (comentarios) 
910 |a Fondo General 
920 |a Impresos - Libros 
930 |a Colección General 
940 |a Literatura 
905 |a 101 
901 |a 0500128629  |b IT1  |c LIT  |u 20250521 
902 |a https://opac.biblio.iteso.mx/vufind/Record/000186882